Normal view MARC view

Entry Personal Name

Number of records used in: 1

001 - CONTROL NUMBER

  • control field: 1236625

003 - CONTROL NUMBER IDENTIFIER

  • control field: OSt

005 - DATE AND TIME OF LATEST TRANSACTION

  • control field: 20260430150145.0

008 - FIXED-LENGTH DATA ELEMENTS

  • fixed length control field: 260430|| aca||aabn | a|a d

040 ## - CATALOGING SOURCE

  • Original cataloging agency: OSt
  • Transcribing agency: OSt

100 ## - HEADING--PERSONAL NAME

  • Personal name: University of Delhi. Faculty of Science. Deptt. of Physics & Astrophysics

670 ## - SOURCE DATA FOUND

  • Source citation: Work cat.: (OSt)1849090: Sumit Au.; Binay Kumar Gu.; Singh B.K. Gu. 1236624, Single crystal Growth of Low Melting Point Organic Materials by modified Czochralski and Solution Techniques and their Structural, Electrical and Optical Characterizaition., 2021
Copyright @ Delhi University Library System